Library, National Philatelic Museum. (Record no. 2116)

000 -LEADER
fixed length control field 00449nam a2200133 a 4500
008 - FIXED-LENGTH DATA ELEMENTS--GENERAL INFORMATION
fixed length control field 940722s1955 pauac 000 0 eng d
100 ## - MAIN ENTRY--AUTHOR'S NAME
Author's Name National Philatelic Museum
245 10 - TITLE STATEMENT
Title Library, National Philatelic Museum.
260 ## - PUBLICATION, DISTRIBUTION, ETC. (IMPRINT)
Place of publication, distribution, etc. Philadelphia, Pa. :
Name of publisher, distributor, etc. The Museum,
Date of publication, distribution, etc. [1955?]
490 0# - SERIES STATEMENT
Series statement Official bulletin / National Philatelic Museum ;
Volume/sequential designation v. 8, no. 1
500 ## - GENERAL NOTE
General note Cover title.
650 #0 - TOPICAL TERM (Tag)
Topical term or geographic name Stamp collecting
Geographic subdivision United States
Holdings
Withdrawn status Lost status Source of classification or shelving scheme Damaged status Koha normalized classification for sorting Not for loan Collection code Permanent Location Current Location Shelving location Date acquired Total Checkouts Full call number Barcode Date last seen Price effective from Koha item type
        P3200 A11 N27774     Northern Philatelic Library Northern Philatelic Library Bound Periodicals 11/19/2016   P3200 A11 N27774 1002456 11/19/2016 11/19/2016 Periodicals

Powered by Koha